000 01346cam a22003857a 4500
003 CHAP
005 20220329141958.0
008 981104d1998 mx r 00110 spa d
010 _a76591
011 _a77563
035 _a87172
040 _cCHAP
090 _aTesis
100 0 0 _aMercado Hernández, Adolfo.
_974902
245 1 0 _aSincronización del estro con PGF2a y PRID en ganado Holstein
_c/por Adolfo Mercado Hernández
260 _aChapingo, Méx. :
_bEl autor,
_c1998.
300 _a42 h. :
_bcuadros
502 _aTesis (Ing. Agr. Esp. en Zootecnia) -- UACH. Departamento de Zootecnia
590 _aALEPH
_b10
_c20130110
_lUCH01
_h1426
590 _aBATCH-UPD
_b10
_c20130110
_lUCH01
_h0405
590 _aBATCH-UPD
_b10
_c20130110
_lUCH01
_h2013
590 _aBATCH-UPD
_b10
_c20130410
_lUCH01
_h0038
590 _aBATCH-UPD
_b10
_c20130914
_lUCH01
_h0931
590 _aCONVERSION
_b10
_c20130109
_lUCH01
_h1342
650 1 4 _aCiclo estrual.
_923072
650 1 4 _aGanado Holstein.
_945133
650 1 4 _aGanado lechero
_xFertilidad.
_945265
650 1 4 _aProstaglandinas.
_992435
901 _aBK
905 _aAraceli Hernández G.
942 _cFOLL
949 _bBC
_cTES
_d33724000706271
_eTS2
_fc.2
_h33053
_i87172
_si
949 _bBC
_cTES
_d33724000759064
_eTS2
_fc.2
_h35539
_i87172
_si
949 _bBC
_cTES
_d871721
_eTS1
_h33052
_i87172
_sb
999 _c76591
_d76591